Convex Fuctions and Optimization Methods on Riemannian Manifolds

Αποθηκεύτηκε σε:
Λεπτομέρειες βιβλιογραφικής εγγραφής
Κύριος συγγραφέας: Udriste, Constantin
Μορφή: Βιβλίο
Γλώσσα:English
Δημοσίευση: Dordrecht : Kluwer Academic, c1994
Σειρά:Mathematics and its applications ; ; 297
Θέματα:
Ετικέτες: Προσθήκη ετικέτας
Δεν υπάρχουν, Καταχωρήστε ετικέτα πρώτοι!

MARC

LEADER 00000nam a2200000 i 4500
001 1/63344
008 960311s1994 eng d
020 |a 0-7923-3002-1 
035 |a 1995  |c ΑΝΟΥΣΗΣ  |l 10046773 
040 |a GR-MY-UA  |b gre  |e aacr 
041 0 |a eng 
082 0 |a 516.373 
100 1 |a Udriste, Constantin. 
245 1 0 |a Convex Fuctions and Optimization Methods on Riemannian Manifolds /  |c Constantin Udriste 
260 |a Dordrecht :   |b Kluwer Academic,   |c c1994 
300 |a 330 p.;  |c 24 cm. 
490 1 |a Mathematics and its Applications  |v ; 297 
500 |a Includes bibliography and index 
650 0 0 |a Riemannian manifolds. 
650 0 0 |a Convex functions. 
650 0 0 |a Mathematical optimization. 
830 0 |a Mathematics and its applications ;  |v ; 297 
852 |a INST  |b SAMOS  |e 19960311  |h 516.373 UDR  |p 005300010047  |q 005300010047  |t BK  |y 0 
909 |a Σ  |b 043712